|
|
|
|
| LEADER |
00000nam a2200000 4500 |
| 001 |
0177250 |
| 005 |
20231215114638.6 |
| 020 |
|
|
|a 978-84-344-0583-7
|
| 041 |
0 |
|
|a spa
|
| 044 |
|
|
|a ES
|
| 245 |
1 |
0 |
|a Historia económica de España
|c Agustín González, Juan Manuel Matés (coord.)
|
| 264 |
|
1 |
|a Barcelona
|b Ariel
|c 2013
|
| 300 |
|
|
|a 1020 s.
|
| 490 |
1 |
|
|a Economía
|v 4
|
| 830 |
|
0 |
|a Economía
|v 4
|
| 610 |
2 |
0 |
|a veda ekonomická
|
| 610 |
2 |
0 |
|a teórie ekonomické
|
| 610 |
2 |
0 |
|a dejiny myslenia ekonomického
|
| 610 |
2 |
0 |
|a dejiny teórií ekonomických
|
| 610 |
2 |
0 |
|a ekonómia
|
| 610 |
2 |
0 |
|a Španielsko
|
| 100 |
1 |
|
|a González, Agustín
|
| 700 |
1 |
|
|a Matés, Juan Manuel
|